Wszystkie piosenki na których wystąpił Mata - Statystyki

Ogólne statystyki
  • Ten quiz został rozwiązany 352 razy
    303 od ostatniego zresetowania
  • Średni wynik to 30 z 68
Statystyki odpowiedzi
PŁYTA NAZWA PIOSENKI % Poprawnych
100 dni do matury GOMBAO 33 feat. Adam, Szczepan, Wyguś
79%
100 dni do matury 100 dni do matury
76%
Młody Matczak Papuga feat. Quebonafide, Malik Montana
75%
SBM Starter Biblioteka Trap
70%
100 dni do matury Biblioteka trap
70%
100 dni do matury Patointeligencja
70%
Młody Matczak Blok feat. Gombao33
69%
100 dni do matury Schodki
69%
Młody Matczak Patoreakcja
67%
Młody Matczak Lalala (oh oh) feat. White 2115
64%
Hotel Maffija A nie pamiętasz jak? Mata, White 2115, Jan-rapowanie, Adi Nowak, KACPERCZYK, Janusz Walczuk, Beteo
63%
Młody Matczak Szafir
63%
Ziomalski Mixtape Aromatyczne Przyprawy Żabson feat. Mata
61%
Młody Matczak Szmata
60%
Hotel Maffija Hotel Maffija Jan-rapowanie, Janusz Walczuk, Białas, White 2115, Bedoes, Adi Nowak, Beteo, Mata, Solar
58%
100 dni do matury Prawy do Lewego
58%
H8 Drift Białas feat. Mata
57%
Młody Matczak Kurtz feat. Taco Hemingway
57%
Rockstar: Do zachodu słońca Oh oh (lalala) White 2115 feat. Mata
57%
FUMAR MATA KLUBOWE
56%
FUMAR MATA LUCKY
53%
Młody Matczak Nasza klasa ale to DRILL feat. Popek
53%
NOBOCOTEL NOBOCOTEL (NBCT FREESTYLE 2) feat. Janusz Walczuk
53%
100 dni do matury Lezore
52%
100 dni do matury Żołte flamastry i grube katechetki
52%
100 dni do matury Nero
51%
Młody Matczak SKUTE BOBO
51%
ME PDW Białas feat. Mata
50%
100 dni do matury Piszę to na matmie
50%
100 dni do matury MATA MONTANA
49%
Młody Matczak Faka
48%
FUMAR MATA CAMEL
47%
FUMAR MATA L&M
46%
100 dni do matury Tango
46%
Maffija jest na zawsze Brum Brum
45%
ROMANTIC PSYCHO ASPARTAM Quebonafide feat. Mata
44%
100 dni do matury Cafe PRL
44%
100 dni do matury Wino Sangrita (s01e01)
44%
Młody Matczak 2001
43%
100 dni do matury Konkubinat feat. Jerzy Bralczyk
42%
FUMAR MATA WHITE MINT
42%
100 dni po maturze Diss na prof. *****
41%
FUMAR MATA GOLD
41%
100 dni po maturze Kontrakt
41%
Młody Matczak 67-410
38%
Młody Matczak Kiss cam (podryw roku)
37%
100 dni po maturze Pele
37%
Pokój Zero Zobaczymy Solar feat. KACPERCZYK, Mata, Jan-rapowanie
37%
100 dni do matury Homo Ludens
36%
Młody Matczak Młody Bachor (outro) feat. Gombao33
34%
Młody Matczak IKEA (intro)
32%
100 dni do matury Intro (do nauki)
28%
MC
28%
SBM Starter NBCT Freestyle feat. Yah00
28%
Młody Matczak 15,2 (FREESTYLE)
27%
Hotel Maffija Biorę się w garść Mata, Bedoes, White 2115, Solar, Janusz Walczuk, Adi Nowak
27%
Murem za Bonusem TOP 10 Białas, Kizo, SKUTE BOBO, White 2115
24%
Maffija jest na zawsze Co ty na to? Beteo, Białas, Mata, Adi Nowak, White 2115, Lanek
23%
SAUCE I Took A Pill In Remiza Deemz feat. Gombao33
22%
Hotel Maffija Znowu razem Beteo, Janusz Walczuk, Jan-rapowanie, Moli, Solar, Mata, Adi Nowak, Białas
19%
100 dni po maturze 100 dni do matury (outro)
16%
100 dni po maturze ?
13%
NOBOCOTEL Dzieci we mgle Beteo, Białas, Mata, Adi Nowak
13%
Ziomalski Mixtape Dziadyga Freestyle SKIT Żabson feat. Mata
12%
100 dni do matury Hallelujah (cover)
12%
#Hot16Challenge2
10%
Maffija jest na zawsze Sam sobie jadę ADM, Białas, White 2115, Mata, Beteo, Lanek
9%
#hot16challenge2 (snoop dogg diss) GOMBAO 33
2%
Nie znaleziono quizów pasujących do podanych kryteriów
Rozkład punktacji
Procent ludzi z każdym wynikiem
Percentyl według liczby udzielonych odpowiedzi
Twoja historia wyników
Nie rozwiązałeś tego quizu od ostatniego zresetowania